[Event "Guillermo Garcia Memorial op 24th"]
[Site "Santa Clara"]
[Date "2015.06.10"]
[Round "8"]
[White "Mora Moron, Jose Ramon"]
[Black "Carrazana Vazquez, Pedro A"]
[Result "1/2-1/2"]
[WhiteElo "2160"]
[BlackElo "2212"]
[PlyCount "51"]
[EventDate "2015.06.03"]
[EventType "swiss"]
[EventRounds "9"]
[EventCountry "CUB"]
[SourceTitle "CBM 167 Extra"]
[Source "ChessBase"]
[SourceDate "2015.09.14"]
[SourceVersion "1"]
[SourceVersionDate "2015.09.14"]
[SourceQuality "1"]

1. e4 e5 2. Nf3 Nc6 3. Bb5 Nf6 4. d3 d6 5. 0-0 g6 6. Nbd2 Bg7 7. Bxc6+ bxc6 8. b3 c5 9. Nc4 0-0 10. c3 h6 11. Rb1 Re8 12. Re1 d5 13. exd5 e4 14. dxe4 Nxe4 15. Bb2 Nxc3 16. Rxe8+ Qxe8 17. Qe1 Bf5 18. Ra1 Qxe1+ 19. Rxe1 Nxd5 20. Bxg7 Kxg7 21. h3 Be6 22. Rc1 Nb4 23. a3 Nd3 24. Rc3 Nf4 25. Kh2 Rb8 26. Ncd2 1/2-1/2